000 00322nam a22001337a 4500
008 170508b xxu||||| |||| 00| 0 eng d
020 _a9780314199713
041 _aeng
080 _29TH
_a343.9
100 _a15
101 _aSHJ
245 _aAMERICAN CRIMINAL PROCEDURE INVESTIGATIVE
_cSALTZBURG, S.A
942 _2udc
_cBK
999 _c12994
_d12994